000 00238nam a22001097a 4500
003 OSt
008 250107b |||||||| |||| 00| 0 eng d
041 _aeng
100 _aRobert
_96821
245 _aPrinciples of Diary Chemistry
942 _cBK
999 _c18969
_d18969